Những cuộc đi và cái nhà : Tuỳ bút

Сохранить в:
Библиографические подробности
Главный автор: Inrasara
Формат:
Язык:Undetermined
Опубликовано: Hà Nội Hội Nhà văn 2019
Предметы:
Метки: Добавить метку
Нет меток, Требуется 1-ая метка записи!
Thư viện lưu trữ: Trung tâm Học liệu Trường Đại học Cần Thơ
LEADER 00529nam a2200193Ia 4500
001 CTU_235793
008 210402s9999 xx 000 0 und d
082 |a 895.9228403 
082 |b I.58 
100 |a Inrasara 
245 0 |a Những cuộc đi và cái nhà : 
245 0 |b Tuỳ bút 
245 0 |c Inrasara 
260 |a Hà Nội 
260 |b Hội Nhà văn 
260 |c 2019 
650 |a Tự truyện,Autobiographies 
910 |b dqhieu 
980 |a Trung tâm Học liệu Trường Đại học Cần Thơ